=LDR 00000nam 2200000 4500 =001 INLIS000000000000668 =005 20230201100458 =035 ##$$a 0010-0223000010 =007 ta =008 230201###########################0###### =020 ##$$a 978-979-493-230-8 =082 ##$$a 307.72 =084 ##$$a 307.72 PEM =245 1#$$a Pembangunan Perdesaan : $b Dalam rangka peningkatan kesejahteraan masyarakat =250 ##$$a pertama =260 ##$$a Bogor :$b IPB Press,$c 2010 =300 ##$$a xiii+538 hlm. : $b ilus. ; $c 24 cm. =111 #$$a Chozin =600 #4$$a Pembangunan Desa